Globálne trendy v praxi BNP Paribas Personal Finance
Saved in:
| Main Author: | |
|---|---|
| Format: | Book Chapter |
| Language: | Slovak |
| Tags: |
No Tags, Be the first to tag this record!
|
MARC
| LEADER | 00000naa$a2200000$$$4500 | ||
|---|---|---|---|
| 001 | 0143718 | ||
| 005 | 20240502072557.8 | ||
| 041 | 0 | |a slo | |
| 044 | |a SK | ||
| 245 | 1 | 0 | |a Globálne trendy v praxi BNP Paribas Personal Finance |c Andrea Trebuľová |
| 100 | 1 | |a Trebuľová, Andrea | |